Módne trendy bavlnárskych textílií Zborník prednášok. Ružomberok 24.10.1989

Saved in:
Bibliographic Details
Format: Book
Language:Slovak
Published: Žilina Dom techn. ČSVTS 1989
Edition:1. vyd.
Tags: Add Tag
No Tags, Be the first to tag this record!

MARC

LEADER 00000nam a2200000 4500
001 c040486
005 20221215070909.5
041 0 |a slo 
044 |a SK 
245 1 0 |a Módne trendy bavlnárskych textílií  |b Zborník prednášok. Ružomberok 24.10.1989 
250 |a 1. vyd. 
264 1 |a Žilina  |b Dom techn. ČSVTS  |c 1989 
300 |a 63 s.